Pha chế vecni từ nhựa Shellac và tạo sơn Lack với bọt màu đen Cacbon Luận văn tốt nghiệp Đại học Sư phạm ngành Hóa Khóa 17
সংরক্ষণ করুন:
| প্রধান লেখক: | |
|---|---|
| বিন্যাস: | গ্রন্থ |
| ভাষা: | Undetermined |
| প্রকাশিত: |
Cần Thơ
Trường Đại học Cần Thơ, Khoa Sư phạm, Bộ môn Hóa
1995
|
| ট্যাগগুলো: |
ট্যাগ যুক্ত করুন
কোনো ট্যাগ নেই, প্রথমজন হিসাবে ট্যাগ করুন!
|
| Thư viện lưu trữ: | Trung tâm Học liệu Trường Đại học Cần Thơ |
|---|
| LEADER | 00711nam a2200181Ia 4500 | ||
|---|---|---|---|
| 001 | CTU_33776 | ||
| 008 | 210402s9999 xx 000 0 und d | ||
| 082 | |a 660 | ||
| 082 | |b V312/1995 | ||
| 100 | |a Huỳnh Hữu Vinh | ||
| 245 | 0 | |a Pha chế vecni từ nhựa Shellac và tạo sơn Lack với bọt màu đen Cacbon | |
| 245 | 0 | |b Luận văn tốt nghiệp Đại học Sư phạm ngành Hóa Khóa 17 | |
| 245 | 0 | |c Huỳnh Hữu Vinh | |
| 260 | |a Cần Thơ | ||
| 260 | |b Trường Đại học Cần Thơ, Khoa Sư phạm, Bộ môn Hóa | ||
| 260 | |c 1995 | ||
| 904 | |i Nguyễn Quang Điền, 991110 | ||
| 980 | |a Trung tâm Học liệu Trường Đại học Cần Thơ | ||